Impact of climate change and cropping pattern on ground water resources of Punjab (Record no. 60709)

MARC details
000 -LEADER
fixed length control field 00464nam a2200157Ia 4500
100 ## - MAIN ENTRY--AUTHOR NAME
Personal name Kaur Baljinder
245 #0 - TITLE STATEMENT
Title Impact of climate change and cropping pattern on ground water resources of Punjab
260 ## - PUBLICATION, DISTRIBUTION, ETC. (IMPRINT)
Name of publisher Indian Journal of Agricultural Economics
Year of publication 2011
300 ## - PHYSICAL DESCRIPTION
Number of Pages 373-391
500 ## - GENERAL NOTE
General note Source Year: 2011
650 ## - SUBJECT ADDED ENTRY--TOPICAL TERM
Topical Term Climate change
650 ## - SUBJECT ADDED ENTRY--TOPICAL TERM
Topical Term Cropping pattern
650 ## - SUBJECT ADDED ENTRY--TOPICAL TERM
Topical Term Punjab
942 ## - ADDED ENTRY ELEMENTS (KOHA)
Koha item type Journals
Holdings
Withdrawn status Lost status Damaged status Not for loan Home library Current library Shelving location Date acquired Serial Enumeration / chronology Koha item type
      Journals RRII Library RRII Library Climate change 24/01/2012 Volume 66, Issue 3 Journals